000 01256nam a2200229Ia 4500
003 Ost
005 20260507075651.0
008 260507s9999||||xx |||||||||||||| ||und||
020 _a1489119957
040 _cfsecg
041 _aara
082 _a658.403811
100 _aالطائي، محمد عبد حسين آل فرج
_eمؤلف
245 0 _aنظم المعلومات الإدارية المتقدمة /
_c محمد عبد حسين آل فرج الطائي
260 _aعمان:
_bدار وائل للنشر والتوزيع,
_c2004
300 _a245 صفحة؛
_bإيضاحات ؛
_c24 سم
520 _aالتخطيط لفعاليات نظام المعلومات الإدارية- تنظيم فعاليات نظام المعلومات الإدارية- توجيه فعاليات نظام المعلومات الإدارية- الرقابة على فعاليات نظام المعلومات الإدارية- فاعلية نظام المعلومات الإدارية- المستفيدون من نظام المعلومات الإدارية.
653 _aالإدارة المعاصرة
653 _aنظم المعلومات الإدارية
653 _aنظم المعلومات- المؤسسة الممتدة
942 _cكتاب
999 _c45607
_d45607